Hide and Seek - Countries #5 - Statistics

General Stats
  • This quiz has been taken 11 times
  • The average score is 7 of 8
Answer Stats
Answer % Correct
Kosovo
100%
Montenegro
90%
North Macedonia
90%
Serbia
90%
Bosnia and Herzegovina
80%
Croatia
80%
Slovenia
80%
They're all countries of former Yugoslavia.
70%
No matching quizzes found
Score Distribution
Percent of People with Each Score
Percentile by Number Answered
Your Score History
You have not taken this quiz